| 000 | 00402nam a22001457a 4500 | ||
|---|---|---|---|
| 005 | 20150325124947.0 | ||
| 008 | 150325b xxu||||| |||| 00| 0 eng d | ||
| 040 | _cPK-LaUMT | ||
| 082 |
_aKHC 306.44 _bKAL-S |
||
| 100 | _aKalim, M. Siddiq | ||
| 245 |
_aStudies in Pakistani culture _ban international perspective _cM. Siddiq Kalim |
||
| 260 |
_aLahore _bVnaguard _c2001 |
||
| 300 | _a235 p. | ||
| 942 | _cBK | ||
| 999 |
_c68189 _d68189 |
||